Guess the Taylor Swift Song (no hints) 70 - Statistics

General Stats
  • This quiz has been taken 136 times
  • The average score is 290 of 374
Answer Stats
Answer % Correct
I
100%
(I
100%
a
98%
you,
97%
you
97%
You
97%
you)
97%
(you
97%
the
96%
we
96%
We
96%
me
93%
me,
93%
me)
93%
And
91%
and
91%
be
91%
It
91%
(It
91%
in
88%
is
88%
I'm
87%
It's
87%
know
87%
love
87%
we're
87%
but
86%
don't
86%
To
86%
to
86%
like
84%
like)
84%
when
84%
For
82%
of
82%
at
81%
oh
81%
(Oh,
81%
oh,
81%
oh)
81%
Oh,
81%
just
80%
too
80%
Too
80%
up
80%
I'll
79%
about
78%
if
78%
one
78%
This
78%
want
78%
night
77%
our
77%
have
76%
make
74%
time
74%
time,
74%
Yeah,
74%
yeah
74%
(yeah,
74%
yeah)
74%
yeah,
74%
will
73%
with
73%
feels
71%
free,
71%
22
70%
Everything
70%
feeling
70%
fun
70%
happy,
70%
perfect
70%
bet
69%
same
69%
those
69%
dancing
68%
(dancing
68%
dress
68%
exes
68%
hipsters
68%
keep
68%
alright
67%
(alright)
67%
confused,
67%
forget
67%
lonely
67%
magical,
67%
next
67%
nights
67%
nights)
67%
seems
67%
breakfast
66%
fall
66%
midnight
66%
Tonight's
66%
end
64%
many
64%
strangers
64%
won't
64%
best
63%
place
63%
Ah
62%
ah,
62%
ah
62%
look
62%
miserable
62%
crowded
61%
instead
61%
kids
61%
oh-oh
61%
scene
61%
sleeping
61%
way
61%
whole
61%
cool
60%
dreaming,
60%
bad
59%
deadlines
58%
gotta
58%
news
56%
heartbreaks
52%
("Who's
51%
anyway?
50%
Swift
50%
Taylor
50%
ditched
49%
Ah-ah,
46%
ah-ah
46%
Ew")
43%
Oh-whoa,
10%
No matching quizzes found
Score Distribution
Percent of People with Each Score
Percentile by Number Answered
Your Score History
You have not taken this quiz